Online katalóg knižníc regiónu Turca

Robinson Crusoe (Record no. 20436)

MARC details
000 -LEADER
fixed length control field 01784cam a2200505 a 4500
001 - CONTROL NUMBER
control field 20436
003 - CONTROL NUMBER IDENTIFIER
control field VRT
005 - DATE AND TIME OF LATEST TRANSACTION
control field 20260122140428.0
008 - FIXED-LENGTH DATA ELEMENTS--GENERAL INFORMATION
fixed length control field 240226s1999 xo jr 000 f slo
015 ## - NATIONAL BIBLIOGRAPHY NUMBER
National bibliography number SNBA2004/03-02105
020 ## - INTERNATIONAL STANDARD BOOK NUMBER
International Standard Book Number 8088834406
035 ## - SYSTEM CONTROL NUMBER
System control number SNK000406188
035 ## - SYSTEM CONTROL NUMBER
System control number urn:nbn:sk:snk-am3iwjm
035 ## - SYSTEM CONTROL NUMBER
System control number 5B3254C9-33E3-4699-9864-B6B36538BC66
035 ## - SYSTEM CONTROL NUMBER
System control number urn:nbn:sk:snk-am00g5xb
039 #9 - LEVEL OF BIBLIOGRAPHIC CONTROL AND CODING DETAIL [OBSOLETE]
Level of rules in bibliographic description 202402261500
Level of effort used to assign nonsubject heading access points VLOAD
Level of effort used to assign subject headings 202205120806
Level of effort used to assign classification VLOAD
Level of effort used to assign subject headings 202203230805
Level of effort used to assign classification msnk115
Level of effort used to assign subject headings 202201070905
Level of effort used to assign classification VLOAD
040 ## - CATALOGING SOURCE
Original cataloging agency SNK
Language of cataloging slo
Original cataloging agency SNK
Description conventions AACR2
041 1# - LANGUAGE CODE
Language code of text/sound track or separate title slo
Language code of original eng
044 ## - COUNTRY OF PUBLISHING/PRODUCING ENTITY CODE
MARC country code xo
ISO country code SK
072 #7 - SUBJECT CATEGORY CODE
Subject category code 821.111-3
Subject category code subdivision Anglická próza, anglicky písaná
Source konspekt
080 ## - UNIVERSAL DECIMAL CLASSIFICATION NUMBER
Universal Decimal Classification number 821.111-31
Edition identifier 2011
080 ## - UNIVERSAL DECIMAL CLASSIFICATION NUMBER
Universal Decimal Classification number (0:82-311.3)
Edition identifier 2011
080 ## - UNIVERSAL DECIMAL CLASSIFICATION NUMBER
Universal Decimal Classification number (082.24)
Edition identifier 2011
100 1# - MAIN ENTRY--PERSONAL NAME
Personal name Defoe, Daniel,
Dates associated with a name asi 1661-1731
Relationship aut
245 10 - TITLE STATEMENT
Title Robinson Crusoe
Remainder of title úryvky
Statement of responsibility, etc. Daniel Defoe ; preložil: Alfonz Bednár
250 ## - EDITION STATEMENT
Edition statement [1. vydanie]
260 ## - PUBLICATION, DISTRIBUTION, ETC.
Place of publication, distribution, etc. Rohovce
Name of publisher, distributor, etc. Interpopulart Slovakia
Date of publication, distribution, etc. [1999]
300 ## - PHYSICAL DESCRIPTION
Extent 129 strán
Dimensions 21 cm
490 1# - SERIES STATEMENT
Series statement Populart. Klasicistická literatúra
490 1# - SERIES STATEMENT
Series statement Študentská knižnica
Volume/sequential designation 41.
500 ## - GENERAL NOTE
General note Pravdepodobne preložené z angličtiny
655 #7 - INDEX TERM--GENRE/FORM
Genre/form data or focus term anglické romány
Source of term SNKPH
655 #7 - INDEX TERM--GENRE/FORM
Genre/form data or focus term dobrodružné romány
Source of term SNKPH
655 #7 - INDEX TERM--GENRE/FORM
Genre/form data or focus term literatúra pre deti a mládež
Source of term SNKPH
655 #7 - INDEX TERM--GENRE/FORM
Genre/form data or focus term úryvky
Source of term SNKPH
700 1# - ADDED ENTRY--PERSONAL NAME
Personal name Bednár, Alfonz,
Dates associated with a name 1914-1989
Relationship trl
830 #0 - SERIES ADDED ENTRY--UNIFORM TITLE
Uniform title Populart
Name of part/section of a work Klasicistická literatúra
830 #0 - SERIES ADDED ENTRY--UNIFORM TITLE
Uniform title Študentská knižnica
910 ## - USER-OPTION DATA (OCLC)
User-option data snk
942 ## - ADDED ENTRY ELEMENTS (KOHA)
Source of classification or shelving scheme Dewey Decimal Classification
Koha item type Krásna literatúra pre dospelých
Suppress in OPAC No
949 ## - LOCAL PROCESSING INFORMATION (OCLC)
6 270001000046733
a svkbbA 94682
p 612.596
949 ## - LOCAL PROCESSING INFORMATION (OCLC)
6 270001000054330
a svkbbA 94682
p 612.595
949 ## - LOCAL PROCESSING INFORMATION (OCLC)
6 270001000066140
a svkbbA 94682
p 613.249
949 ## - LOCAL PROCESSING INFORMATION (OCLC)
6 17A0378281
9 P60, <03>, [BOOK], {603}
a snkSC 111076
b snkKSP 3864/2003
s 6100:20210419
Holdings
Stav vyradenia Strata Poškodenie Spôsob nadobudnutia Domovská knižnica Aktuálna knižnica Dátum nadobudnutia Total checkouts Čiarový kód exemplára Date last seen Typ exemplára
      Dar Obecná knižnica Horná Štubňa Obecná knižnica Horná Štubňa 22.01.2026   8088834406 22.01.2026 Krásna literatúra pre dospelých
Projekt je podporený Slovenskou asociáciou knižníc
Prevádzkuje Turčianska knižnica Martin 2026